| 000 | 00825cab a2200205 4500 | ||
|---|---|---|---|
| 001 | ABS39405 | ||
| 008 | 090401t1988 xxu||||| |||| 00| 0 eng d | ||
| 035 | _a(Sirsi) u16437 | ||
| 041 | _aeng | ||
| 245 | _aLondon Docklands | ||
| 260 | _c1988 | ||
| 350 | _a0 | ||
| 490 |
_aInvestors Chronicle _v84(1069) 3 June 1988, 73-80(5) |
||
| 520 | _aSurvey on London Docklands reports on Olympia and York`s ambitious proposals for Canary Wharf . Continues with a brief review of the task charged to the LDDC when it was formed in 1981. Concludes by reviewing the efficiency of the Docklands transport links, commenting on the Docklands Light Railway , Stolport and the riverbus service. | ||
| 650 | _aHARBOUR EXCHANGE | ||
| 650 | _aISLE OF DOGS | ||
| 690 | _aPROPERTY-COMMERCIAL PROPERTY | ||
| 942 | _n0 | ||
| 948 | _c04/03/1997 | ||
| 999 |
_c10819 _d10819 |
||